Neurónové siete s ortogonálnymi aktivačnýmí funkciami v procese riadenia dynamických systémov

Gespeichert in:
Bibliographische Detailangaben
1. Verfasser: Kopál, Martin (Verfasst von)
Weitere Verfasser: Kajan, Slavomír, 1972- (Betreuung Doktorarbeit)
Format: Manuskript Buch
Sprache:Slowakisch
Veröffentlicht: Bratislava : STU v Bratislave FEI, 2003
Schlagworte:
Tags: Tag hinzufügen
Keine Tags, Fügen Sie das erste Tag hinzu!

MARC

LEADER 00000ntm a22000003a 4500
001 stu80987
005 20160719164738.2
008 030616s2003------------------------slo-d
040 |a STU  |b slo 
041 0 |a slo 
100 1 |a Kopál, Martin  |4 aut 
245 1 |a Neurónové siete s ortogonálnymi aktivačnýmí funkciami v procese riadenia dynamických systémov 
260 |a Bratislava :  |b STU v Bratislave FEI,  |c 2003 
300 |a 77 s 
650 7 |a automatizácia  |2 stusub 
700 1 |a Kajan, Slavomír,  |d 1972-  |4 ths  |u E010  |T FEI Ústav riadenia a priemyselnej informatiky  |X 4240  |U E010  |Y E010  |7 A000004240